The survey of adult skills : reader`s companion/

Uloženo v:
Podrobná bibliografie
Korporativní autor: Organisation for Economic Co-operation and Development, OECD (Paris, France) (Původce)
Médium: Kniha
Jazyk:angličtina
Vydáno: Paris : Organisation for Economic Co-operation and Development, 2019
Vydání:Third edition
Edice:OECD skills studies
Témata:
ISBN:9789264631717
ISSN:2307-8723
On-line přístup: Získat plný text
Tagy: Přidat tag
Žádné tagy, Buďte první, kdo vytvoří štítek k tomuto záznamu!

MARC

LEADER 00000nam a2200000 4500
003 SK-BrCVT
005 20220618114629.0
006 aa e 000 1
008 200616s2019####fr a e 000 1eng#d
020 |a 9789264631717   |q (brož.)  |c 35,00 
022 |a 2307-8723 
035 |a CVTIDW0074879 
040 |a CVT  |b slo  |c CVT  |e AACR2 
041 0 |a eng 
044 |a fr  |c FR 
080 |a 374.7  |2 2011 
110 2 |a Organisation for Economic Co-operation and Development, OECD (Paris, France)  |4 org 
245 1 4 |a The survey of adult skills :  |b reader`s companion/  |c Organisation for Economic Co-operation and Development 
250 |a Third edition 
260 |a Paris :  |b Organisation for Economic Co-operation and Development,  |c 2019 
300 |a 132 s .:  |b tab., ilustrácie;  |c 28 cm 
490 0 |a OECD skills studies 
610 2 7 |a Organizácia pre hospodársku spoluprácu a rozvoj (Paríž, Francúzsko)  |2 CVTISR 
653 1 |a vzdelávanie dospelých 
655 7 |a prehľady  |2 SNKPH 
760 0 |t OECD skills studies 
852 |a CVTISR  |b 1 
856 4 |u http://ezproxy.cvtisr.sk/login.php?url=https://doi.org/10.1787/f70238c7-en 
910 |b E004393  |b A629290 
919 |a 978-92-64-63171-7 
959 |a o07 
959 |a 02 
974 |a gabriela.miklankova  |f Knihy 
992 |a APH 
999 |c 271751  |d 271751